Stanovení vlivu genotypu a vnějších faktorů na zdravotní stav produkce hořčice bílé : certifikovaná metodika /

Main Author: Plachká, Eva, 1964-
Other Authors: Rychlá, Andrea, Vrbovský, Viktor
Language: Czech
Published: Opava : Ministerstvo zemědělství, 2023
Edition: 1. vydání
Subjects:
Online Access: Online verze
Physical Description: 64 stran : barevné ilustrace ; 21 cm
Book
Saved in:
LEADER 02214nam a2200565 i 4500
001 nkc20243584794
003 CZ PrNK
005 20240307122022.0
007 ta
008 240123s2023 xr a f f 000 0 cze
015 |a cnb003584794 
020 |a 978-80-908008-4-7  |q (Oseva vývoj a výzkum s.r.o. ;  |q brožováno) 
035 |a (OCoLC)1429249957 
040 |a OLA001  |b cze  |d ABA001  |e rda 
072 7 |a 633  |x Rostlinná výroba  |2 Konspekt  |9 24 
080 |a 633.844  |2 MRF 
080 |a 633.01/.04  |2 MRF 
080 |a 632.9  |2 MRF 
080 |a 575.22  |2 MRF 
080 |a (083.744)  |2 MRF 
100 1 |a Plachká, Eva,  |d 1964-  |7 mzk2013745788  |4 aut 
245 1 0 |a Stanovení vlivu genotypu a vnějších faktorů na zdravotní stav produkce hořčice bílé :  |b certifikovaná metodika /  |c autorský kolektiv ... : Eva Plachká, Andrea Rychlá, Viktor Vrbovský 
250 |a 1. vydání 
264 1 |a Opava :  |b Ministerstvo zemědělství,  |c 2023 
300 |a 64 stran :  |b barevné ilustrace ;  |c 21 cm 
336 |a text  |b txt  |2 rdacontent 
337 |a bez média  |b n  |2 rdamedia 
338 |a svazek  |b nc  |2 rdacarrier 
500 |a Skutečný nakladatel uveden na rubu titulní stránky: Oseva vývoj a výzkum s.r.o., Zubří 
500 |a 100 výtisků 
504 |a Obsahuje bibliografii 
650 0 7 |a hořčice setá  |7 ph1219103  |2 czenas 
650 0 7 |a pěstování polních rostlin  |7 ph183359  |2 czenas 
650 0 7 |a ochrana rostlin  |7 ph123664  |2 czenas 
650 0 7 |a genotyp  |7 ph280229  |2 czenas 
650 0 9 |a white mustard  |2 eczenas 
650 0 9 |a field crops cultivation  |2 eczenas 
650 0 9 |a plant conservation  |2 eczenas 
650 0 9 |a genotype  |2 eczenas 
655 7 |a certifikované metodiky  |7 fd806827  |2 czenas 
655 9 |a certified methodology  |2 eczenas 
700 1 |a Rychlá, Andrea  |7 ola20191025633  |4 aut 
700 1 |a Vrbovský, Viktor  |7 ola20191025928  |4 aut 
856 4 1 |u https://www.oseva-vav.cz/vysledky/CM_Stanoven%C3%AD_vlivu_genotypu_HB.pdf  |y Online verze  |4 N 
910 2 |a BOA001  |b 2-1519.661 
928 9 |a Oseva vývoj a výzkum 
990 |a BK 
995 |a 01 
991 |b 202402  |c NOV 
996 6 |b 2610960482  |c 2-1519.661  |l MZK  |r Sklad / do 1 hodiny  |n 0  |p p.v.  |w 001952752  |u 000010  |a 1  |e BOA001  |j MZK50  |s P